Statistics for DC Characters by Picture

Click here to take the quiz!

General Stats

  • This quiz has been taken 149 times
  • The average score is 17 of 20

Answer Stats

Answer% Correct
Batman
100%
Aquaman
99%
Superman
99%
The Flash
99%
The Joker
99%
Wonder Woman
99%
Green Lantern
98%
Supergirl
97%
Catwoman
95%
Black Adam
91%
Green Arrow
90%
Robin
90%
Harley Quinn
89%
Poison Ivy
86%
Batwoman
83%
Batgirl
78%
Deadshot
77%
Black Canary
61%
Captain Cold
54%
Vixen
24%

Score Distribution

Percentile by Number Answered

Percent of People with Each Score

Your Score History

You have not taken this quiz